Statistics for 「東西線」の駅

Click here to take the quiz!

General Stats

  • This quiz has been taken 34 times
  • The average score is 48 of 198

Answer Stats

運営会社駅番号駅名% Correct
東京メトロT-01中野
97%
東京メトロT-23西船橋
97%
東京メトロT-03高田馬場
90%
東京メトロT-18浦安
90%
東京メトロT-09大手町
90%
東京メトロT-02落合
84%
東京メトロT-10日本橋
84%
東京メトロT-22原木中山
84%
東京メトロT-16西葛西
84%
東京メトロT-04早稲田
81%
東京メトロT-06飯田橋
81%
東京メトロT-07九段下
81%
仙台市T07仙台
81%
東京メトロT-17葛西
81%
東京メトロT-11茅場町
77%
東京メトロT-21妙典
77%
東京メトロT-12門前仲町
74%
JR西日本JR-H49尼崎
74%
JR西日本JR-H44北新地
74%
東京メトロT-14東陽町
74%
東京メトロT-08竹橋
74%
東京メトロT-13木場
74%
京都市T15二条
71%
東京メトロT-20行徳
71%
京都市T01六地蔵
71%
京都市T13烏丸御池
71%
京都市T11三条京阪
71%
札幌市T09大通
68%
京都市T07山科
68%
東京メトロT-19南行徳
68%
JR西日本JR-H42大阪城北詰
68%
京都市T12京都市役所前
68%
東京メトロT-05神楽坂
68%
京都市T17太秦天神川
65%
神戸高速鉄道HK-16神戸三宮
65%
東京メトロT-15南砂町
65%
JR西日本JR-H41京橋
65%
京都市T08御陵
65%
仙台市T01八木山動物公園
61%
JR西日本JR-H47御幣島
61%
京都市T14二条城前
61%
神戸高速鉄道HS36新開地
61%
札幌市T19新さっぽろ
58%
JR西日本JR-H46海老江
58%
JR西日本JR-H48加島
58%
神戸高速鉄道HS35高速神戸
58%
神戸高速鉄道HS39/SY01西代
55%
JR西日本JR-H45新福島
55%
京都市T10東山
55%
神戸高速鉄道HS33元町
55%
京都市T16西大路御池
52%
京都市T09蹴上
52%
神戸高速鉄道HK-17花隈
48%
神戸高速鉄道HS37大開
48%
京都市T02石田
48%
京都市T03醍醐
48%
仙台市T13荒井
48%
神戸高速鉄道HS38高速長田
45%
JR西日本JR-H43大阪天満宮
42%
京都市T05椥辻
42%
京都市T06東野
42%
仙台市T06青葉通一番町
42%
神戸高速鉄道HS34西元町
39%
京都市T04小野
39%
仙台市T04国際センター
39%
仙台市T12六丁の目
35%
札幌市T01宮の沢
32%
仙台市T03川内
32%
仙台市T11卸町
26%
札幌市T10バスセンター前
26%
仙台市T09連坊
26%
仙台市T08宮城野通
26%
札幌市T13白石
26%
札幌市T03琴似
23%
仙台市T05大町西公園
23%
仙台市T02青葉山
19%
札幌市T06円山公園
19%
札幌市T16南郷18丁目
19%
札幌市T07西18丁目
19%
札幌市T14南郷7丁目
19%
札幌市T04二十四軒
16%
札幌市T11菊水
16%
札幌市T18ひばりが丘
16%
札幌市T12東札幌
16%
札幌市T08西11丁目
16%
札幌市T15南郷13丁目
16%
札幌市T05西28丁目
16%
札幌市T17大谷地
13%
仙台市T10薬師堂
13%
札幌市T02発寒南
13%
北京地鉄119东单
0%
北京地鉄125四惠东
0%
北京地鉄124四惠
0%
北京地鉄123大望路
0%
北京地鉄122国贸
0%
北京地鉄121永安里
0%
北京地鉄120建国门
0%
北京地鉄110公主坟
0%
北京地鉄118王府井
0%
北京地鉄117天安门东
0%
北京地鉄116天安门西
0%
北京地鉄115西单
0%
北京地鉄114复兴门
0%
北京地鉄113南礼士路
0%
北京地鉄112木樨地
0%
天津地鉄-卞兴
0%
天津地鉄-曹庄
0%
天津地鉄-靖江路
0%
天津地鉄-芥园西道
0%
天津地鉄-顺驰桥
0%
天津地鉄-滨海国际机场
0%
天津地鉄-空港经济区
0%
天津地鉄-国山路
0%
天津地鉄-登州路
0%
天津地鉄-屿东城
0%
天津地鉄-翠阜新村
0%
天津地鉄-远洋国际中心
0%
天津地鉄-咸阳路
0%
天津地鉄-天津站
0%
天津地鉄-建国道
0%
天津地鉄-东南角
0%
天津地鉄-鼓楼
0%
天津地鉄-西南角
0%
天津地鉄-广开四马路
0%
天津地鉄-长虹公园
0%
北京地鉄111军事博物馆
0%
上海軌道交通-静安寺
0%
北京地鉄109万寿路
0%
上海軌道交通-江苏路
0%
上海軌道交通-世纪大道
0%
上海軌道交通-东昌路
0%
上海軌道交通-陆家嘴
0%
上海軌道交通-南京东路
0%
上海軌道交通-人民广场
0%
上海軌道交通-南京西路
0%
上海軌道交通-中山公园
0%
上海軌道交通-世纪公园
0%
上海軌道交通-娄山关路
0%
上海軌道交通-威宁路
0%
上海軌道交通-北新泾
0%
上海軌道交通-淞虹路
0%
上海軌道交通-虹桥火车站
0%
北京地鉄108五棵松
0%
上海軌道交通-上海科技馆
0%
上海軌道交通-徐泾东
0%
上海軌道交通-龙阳路
0%
上海軌道交通-张江高科
0%
北京地鉄106八宝山
0%
北京地鉄105八角游乐园
0%
北京地鉄104古城
0%
北京地鉄103苹果园
0%
上海軌道交通-浦东国际机场
0%
上海軌道交通-海天三路
0%
上海軌道交通-远东大道
0%
上海軌道交通-凌空路
0%
上海軌道交通-川沙
0%
上海軌道交通-华夏东路
0%
上海軌道交通-创新中路
0%
上海軌道交通-唐镇
0%
上海軌道交通-广兰路
0%
上海軌道交通-金科路
0%
北京地鉄107玉泉路
0%
上海軌道交通-虹桥2号航站楼
0%
SMRTEW9Aljunied
0%
SMRTEW5Bedok
0%
SMRTEW27Boon Lay
0%
SMRTEW12Bugis
0%
SMRTEW21Buona Vista
0%
SMRTCG2Changi Airport
0%
SMRTEW25Chinese Garden
0%
SMRTEW13City Hall
0%
SMRTEW23Clementi
0%
SMRTEW20Commonwealth
0%
SMRTEW22Dover
0%
SMRTEW7Eunos
0%
SMRTCG1Expo
0%
SMRTEW30Gul Circle
0%
SMRTEW29Joo Koon
0%
SMRTEW24Jurong East
0%
SMRTEW10Kallang
0%
SMRTEW6Kembangan
0%
SMRTEW26Lakeside
0%
SMRTEW11Lavender
0%
SMRTEW16Outram Park
0%
SMRTEW1Pasir Ris
0%
SMRTEW8Paya Lebar
0%
SMRTEW28Pioneer
0%
SMRTEW19Queenstown
0%
SMRTEW14Raffles Place
0%
SMRTEW18Redhill
0%
SMRTEW3Simei
0%
SMRTEW2Tampines
0%
SMRTEW4Tanah Merah
0%
SMRTEW15Tanjong Pagar
0%
SMRTEW17Tiong Bahru
0%
SMRTEW31Tuas Crescent
0%
SMRTEW33Tuas Link
0%
SMRTEW32Tuas West Road
0%

Score Distribution

Percentile by Number Answered

Percent of People with Each Score

Your Score History

You have not taken this quiz